000 01039nam a2200277 i 4500
001 bg
245 1 0 _aFundusze UE dla jednostek samorządu terytorialnego w latach 2007-2013 :
_bpraca zbiorowa.
_nCz. 2.
_pProcedury od A do Z. Praktyczne aspekty /
_c[aut. Anna Januszko-Napora et al.].
260 _aWarszawa :
_bTwigger,
_c2007.
300 _a274, [1] s. ;
_c21 cm.
490 1 _aJak skutecznie wykorzystać fundusze unijne 2007-2013
_v1
500 _aNa okł. nazwa projektu edukacyjnego : "Europejska Akademia Samorządowa".
650 9 _aFundusze strukturalne UE
650 9 _aSamorząd terytorialny
655 _aPoradniki
700 1 _aJanuszko-Napora, Anna.
830 _aJak skutecznie wykorzystać fundusze unijne 2007-2013
020 _a9788388904929
040 _cBPK
041 0 _apol
044 _aPOL
080 _a352/353:339.7](4-67)"2001/..."(083.1)
920 _a978-83-88904-92-9
942 _cKS
008 s pl f |000 0 pol
999 _c55144
_d55144
856 _uhttp://koha.tu.koszalin.pl/cgi-bin/koha/opac-detail.pl?biblionumber=55144
_yKatalog online BPK